000 00383nam a2200157Ia 4500
008 210716s2008 xx 000 0 und d
020 _a9788189942571
041 _aeng
082 _a574.80285 SINB
100 _aSingh, Bimla.
245 _aOrigin and development of bioinformatics.
250 _a1
260 _aNew Delhi
_c2008
300 _avi,279
650 _aBioinformatics
999 _c188569
_d188569